Multiattribute evaluation /

This book presents one approach to evaluation, multiattribute utility technology, which stresses that evaluations should be comparative, and that all the different constituencies served by a programme and its different goals have to be kept in mind.

Bibliographic Details
Main Author: Edwards, Ward, 1927-2005
Other Authors: Newman, J. Robert (John Robert), 1927-
Format: eBook
Language:English
Published: Beverly Hills, [Calif.] ; London : SAGE, [1982]
Series:Quantitative applications in the social sciences ; no. 07-026.
Subjects:
Online Access:Connect to the full text of this electronic book

MARC

Tag First Indicator Second Indicator Subfields
LEADER 00000cam a2200000 a 4500
001 in00003723721
005 20190412184929.0
006 m|||||o||d||||||||
007 cr |||||||||||
008 110121s1982 caua fo 000|0|eng|d
020 |a 9781412985123 (ebook) :  |c No price 
035 |a (StDuBDS)EDZ0000018663 
040 |a StDuBDS  |b eng  |c StDuBDS  |e pn  |d UtOrBLW 
050 4 |a H62 
082 0 4 |a 361.973  |2 22 
100 1 |a Edwards, Ward,  |d 1927-2005.  |0 http://id.loc.gov/authorities/names/no2007091582 
245 1 0 |a Multiattribute evaluation /  |c Ward Edwards, J. Robert Newman ; with the collaboration of Kurt Snapper, David Seaver. 
264 1 |a Beverly Hills, [Calif.] ;  |a London :  |b SAGE,  |c [1982] 
264 4 |c ©1982 
300 |a 1 online resource (96 pages) :  |b illustrations. 
336 |a text  |b txt  |2 rdacontent 
337 |a computer  |b c  |2 rdamedia 
338 |a online resource  |b cr  |2 rdacarrier 
490 1 |a Quantitative Applications in the Social Sciences ;  |v no. 07-026 
500 |a "A SAGE university paper." 
520 8 |a This book presents one approach to evaluation, multiattribute utility technology, which stresses that evaluations should be comparative, and that all the different constituencies served by a programme and its different goals have to be kept in mind. 
588 |a Description based on print version record. 
504 |a Includes bibliographical references. 
500 |a Electronic resource. 
650 0 |a Evaluation research (Social action programs)  |0 http://id.loc.gov/authorities/subjects/sh85045927 
655 7 |a Electronic books.  |2 local 
700 1 |a Newman, J. Robert  |q (John Robert),  |d 1927-  |0 http://id.loc.gov/authorities/names/n83055346 
776 1 8 |i Print version :  |z 9780803900950 
830 0 |a Quantitative applications in the social sciences ;  |v no. 07-026.  |0 http://id.loc.gov/authorities/names/n42021487 
856 4 0 |u http://proxy.library.tamu.edu/login?url=http://methods.sagepub.com/book/multiattribute-evaluation  |z Connect to the full text of this electronic book  |t 0 
999 f f |s 368f3bef-5ca9-3314-b645-7774e330d076  |i d4b99bdf-0324-35f9-901c-700ce2983e82  |t 0 
952 f f |a Texas A&M University  |b College Station  |c Electronic Resources  |d Available Online  |t 0  |e H62  |h Library of Congress classification 
998 f f |a H62  |t 0  |l Available Online